000 00945nam a2200301 i 4500
001 000015
003 DO-SdBNP
005 20260116073831.0
007 ta
008 240310s2019 dr 001 0 spa d
020 _a9781300575252
040 _aDO-SdBNP
_bspa
_cBNPHU
_erda
082 4 _a158.1
_bB369q
_222
100 1 _aBeato, Martha
_eautor
_972845
_4aut.
245 1 0 _aQue siga la fiesta :
_brediseña tu vida a partir de los 50 /
_cMartha Beato
264 _aSanto Domingo :
_bMediaisla,
_c2019
300 _a269 páginas ;
_c24 cm.
336 _2rdaconten
_atexto
_btxt
337 _2rdamedia
_asin mediación
_bn
338 _2rdacarrier
_avolumen
_bnc
590 _aInventariado, 2024/DG
650 7 _aAutorrealización (Psicología)
_2LEMB
_9211
650 7 _aConducta (Ética)
650 7 _aAutorrealización (Psicología)
_9211
650 0 _aAutoestima
_9212
910 _aDG/Validado. Control de calidad MFF
942 _2ddc
_cLBS1
999 _c57748
_d57748